The case for Workstyle 2000 intelligent buildings (Record no. 4326)

MARC details
000 -LEADER
fixed length control field 00675cab a2200205 4500
001 - CONTROL NUMBER
control field ABS53894
008 - FIXED-LENGTH DATA ELEMENTS--GENERAL INFORMATION
fixed length control field 090401t1995 xxu||||| |||| 00| 0 eng d
035 ## - SYSTEM CONTROL NUMBER
System control number (Sirsi) u7212
041 ## - LANGUAGE CODE
Language code of text/sound track or separate title eng
245 #4 - TITLE STATEMENT
Title The case for Workstyle 2000 intelligent buildings
260 ## - PUBLICATION, DISTRIBUTION, ETC.
Date of publication, distribution, etc. 1995
350 ## - PRICE (NR) (BK AM CF MU VM SE) [OBSOLETE]
Price 0
490 ## - SERIES STATEMENT
Series statement Facilities Management
Volume/sequential designation Guide (9) November 1995, 10-12(3)
520 ## - SUMMARY, ETC.
Summary, etc. Looks at various aspects of intelligent buildings including the impact of technology on workspace design and needs, finance and investment.
650 ## - SUBJECT ADDED ENTRY--TOPICAL TERM
Topical term or geographic name entry element INTELLIGENT BUILDINGS
650 ## - SUBJECT ADDED ENTRY--TOPICAL TERM
Topical term or geographic name entry element TECHNOLOGY
690 ## - LOCAL SUBJECT ADDED ENTRY--TOPICAL TERM (OCLC, RLIN)
Topical term or geographic name as entry element BUILT ENVIRONMENT-CONSTRUCTION DESIGN
942 ## - ADDED ENTRY ELEMENTS (KOHA)
Suppress in OPAC 0
948 ## - LOCAL PROCESSING INFORMATION (OCLC); SERIES PART DESIGNATOR (RLIN)
c (OCLC) 04/03/1997
Holdings
Withdrawn status Lost status Source of classification or shelving scheme Damaged status Not for loan Home library Current library Shelving location Date acquired Total Checkouts Full call number Barcode Date last seen Copy number Price effective from Koha item type
    Dewey Decimal Classification     London London Journal article 14/09/1999   ABS53894 7212-1001 06/08/2019 1 06/08/2019 Journal article